[Event "CZE-chTW U20 1011"]
[Site "Czech Republic"]
[Date "2010.10.02"]
[Round "2.4"]
[White "Sabolova, Kristyna"]
[Black "Cerny, Michal"]
[Result "0-1"]
[WhiteElo "1923"]
[BlackElo "1947"]
[PlyCount "132"]
[EventDate "2010.10.02"]
[EventType "team-tourn"]
[EventRounds "11"]
[EventCountry "CZE"]
[SourceTitle "EXT 2012"]
[Source "ChessBase"]
[SourceDate "2011.11.24"]
[SourceVersion "1"]
[SourceVersionDate "2011.11.24"]
[SourceQuality "1"]
[WhiteTeam "Horice (U20)"]
[BlackTeam "Kladno (U20)"]
[WhiteTeamCountry "CZE"]
[BlackTeamCountry "CZE"]

1. d4 d5 2. Nf3 Nf6 3. Bg5 e6 4. e3 Be7 5. Bd3 Nbd7 6. h3 0-0 7. 0-0 c5 8. c4 dxc4 9. Bxc4 Nb6 10. Be2 cxd4 11. exd4 Bd7 12. Nc3 Bc6 13. Ne5 Rc8 14. f4 Nfd5 15. Bxe7 Qxe7 16. Qd2 Nxc3 17. bxc3 Bd5 18. Bf3 Bxf3 19. Rxf3 Rc7 20. Raf1 Rfc8 21. Rg3 f6 22. Ng4 Nd5 23. Rff3 Kh8 24. Nf2 b5 25. Ne4 b4 26. cxb4 Nxb4 27. Nc5 Nd5 28. Rf1 Qd6 29. Rgf3 Ne7 30. Qe3 Nf5 31. Qe4 Qxd4+ 32. Qxd4 Nxd4 33. Rd3 Ne2+ 34. Kf2 Nxf4 35. Rf3 Nxh3+ 36. Rxh3 Rxc5 37. Rd3 Rf5+ 38. Rf3 Rc2+ 39. Kg1 Rxf3 40. Rxf3 Rxa2 41. Rd3 h6 42. Rd6 e5 43. Kh2 Kh7 44. Kg3 Ra4 45. Kf3 Kg6 46. Rd7 a5 47. g4 Rf4+ 48. Kg3 f5 49. gxf5+ Rxf5 50. Ra7 e4 51. Re7 a4 52. Rxe4 Ra5 53. Re2 a3 54. Ra2 Kf5 55. Kf3 Ke5 56. Ke3 Kd5 57. Kd3 h5 58. Rg2 Ke6 59. Re2+ Kd5 60. Rg2 Ra8 61. Ra2 h4 62. Ke3 Kc4 63. Rh2 a2 64. Rxh4+ Kc3 65. Rh7 a1Q 66. Rxg7 Qe1+ 0-1

[Event "CZE-chT U20 final-A 0910"]
[Site "Pavla Vlachovice"]
[Date "2010.04.24"]
[Round "9.5"]
[White "Sabolova, Kristyna"]
[Black "Miturova, Magdalena"]
[Result "0-1"]
[WhiteElo "1715"]
[BlackElo "1936"]
[PlyCount "60"]
[EventDate "2010.04.23"]
[EventType "team-tourn"]
[EventRounds "11"]
[EventCountry "CZE"]
[SourceTitle "EXT 2011"]
[Source "ChessBase"]
[SourceDate "2010.11.26"]
[SourceVersion "1"]
[SourceVersionDate "2010.11.26"]
[SourceQuality "1"]
[WhiteTeam "Horice (U20)"]
[BlackTeam "Frydek Mistek (U20)"]
[WhiteTeamCountry "CZE"]
[BlackTeamCountry "CZE"]

1. d4 Nf6 2. c4 g6 3. Nc3 Bg7 4. Nf3 0-0 5. e4 d6 6. Be2 e5 7. dxe5 dxe5 8. Qxd8 Rxd8 9. Bg5 Re8 10. 0-0 c6 11. Rfd1 h6 12. Bc1 Nbd7 13. b4 a5 14. b5 Nc5 15. Nd2 Bf8 16. f3 Ne6 17. Bb2 a4 18. Rac1 Bc5+ 19. Kf1 Nf4 20. Re1 h5 21. Nd1 h4 22. Nf2 N6h5 23. Red1 Nxe2 24. Kxe2 Nf4+ 25. Kf1 Bxf2 26. Kxf2 Nd3+ 27. Ke2 Nxb2 28. Rf1 Rd8 29. h3 Nd3 30. Rc3 Nf4+ 0-1